[Event "Montreal Varennes U1800 op"]
[Site "Montreal"]
[Date "2011.11.05"]
[Round "3"]
[White "Duplessis, Jean Roch"]
[Black "Nantel, Felix"]
[Result "0-1"]
[WhiteElo "1691"]
[BlackElo "1608"]
[PlyCount "58"]
[EventDate "2011.11.04"]
[EventType "swiss"]
[EventRounds "5"]
[EventCountry "CAN"]
[SourceTitle "EXT 2022"]
[Source "ChessBase"]
[SourceDate "2021.10.06"]
[SourceVersion "1"]
[SourceVersionDate "2021.10.06"]
[SourceQuality "1"]

1. e4 e6 2. d4 d5 3. Nc3 Nf6 4. Bg5 Be7 5. Nge2 0-0 6. e5 Nfd7 7. h4 Bxg5 8. hxg5 Qxg5 9. Qd3 Qg6 10. Nf4 Qxd3 11. Bxd3 h6 12. g4 Re8 13. Ncxd5 exd5 14. Nxd5 Nxe5 15. dxe5 Rxe5+ 16. Ne3 Bxg4 17. Kd2 Bf3 18. Rh4 Nc6 19. Rg1 Rd8 20. Kc1 Nd4 21. Rxh6 Be2 22. Kb1 Bxd3 23. cxd3 Ne2 24. Rg4 Rxd3 25. Rh2 Rc5 26. Rh1 Rd2 27. Re4 f5 28. Re7 f4 29. Ng4 Rb5 0-1

[Event "Montreal POP op"]
[Site "Montreal"]
[Date "2005.??.??"]
[Round "2"]
[White "Kraiouchkine, Nikita"]
[Black "Nantel, Felix"]
[Result "1-0"]
[WhiteElo "1740"]
[BlackElo "1200"]
[PlyCount "93"]
[EventDate "2005.03.05"]
[EventType "swiss"]
[EventRounds "3"]
[EventCountry "CAN"]
[SourceTitle "EXT 2006"]
[Source "ChessBase"]
[SourceDate "2005.11.24"]
[SourceVersion "1"]
[SourceVersionDate "2005.11.24"]
[SourceQuality "1"]

1. Nf3 e6 2. g3 d5 3. Bg2 Nf6 4. 0-0 g6 5. d4 Bg7 6. c4 0-0 7. Nc3 Nc6 8. cxd5 exd5 9. Bg5 h6 10. Bxf6 Bxf6 11. e3 Be6 12. Nd2 Qd7 13. Qb3 b6 14. Nxd5 Bg7 15. Nxb6 axb6 16. d5 Na5 17. dxe6 Qxd2 18. exf7+ Rxf7 19. Qd1 Rd8 20. Qxd2 Rxd2 21. Rad1 Rfd7 22. Rxd2 Rxd2 23. Rc1 Rxb2 24. Rxc7 Rxa2 25. Bd5+ Kh7 26. Bxa2 h5 27. Rc8 Be5 28. Rc1 Nb7 29. Rc6 Nc5 30. Rxb6 Na4 31. Rb7+ Kh6 32. Bg8 Bg7 33. h4 Nc3 34. f3 Ne2+ 35. Kf2 Nc3 36. g4 hxg4 37. fxg4 Ne4+ 38. Kf3 Nc5 39. g5+ Kh5 40. Rxg7 Kxh4 41. Rxg6 Nd3 42. Ke4 Nf2+ 43. Kf5 Nd3 44. Rh6+ Kg3 45. g6 Nc5 46. g7 Nb7 47. Bd5 1-0